01108nab a22002177a 4500999001500000003000400015005001700019008004100036040000700077100003800084245009500122260007200217300001300289500003900302505024800341505008900589650002600678650003000704773014300734942001300877 c5961d5961OSt20260114134527.0190605e xxu||||| |||| 00| 0 spa d cPJ 94565aGonzález Rossi, Alejandro13aSmart contracts y derecho del trabajo. Posible aplicación /cAlejandro González Rossi. aCiudad Autónoma de Buenos Aires :bThomson Reuters La Ley,c2024. ap. 15-24 aCita: TR LALEY AR/DOC/2623/2024.  aSumario: I. Introducción. Evolución científica y derecho del trabajo.— II. Blockchain, smart contracts. Principios básicos.— III. El derecho del trabajo y los smart contracts laborales. Problemática.— IV. Algunas conclusiones.  t¿Te interesa el texto completo? Solicitalo al correo: koha@justierradelfuego.gov.ar 091316aDERECHO LABORAL 091323aCONTRATO DE TRABAJO0 0271193168dCiudad Autónoma de Buenos Aires : Thomson Reuters La Ley, 1999-2002.tRevista de derecho del trabajo. Nº 6 - Noviembre 2024 2udccANA